00728nam a22001937a 4500003000400000008004100004020001800045082001800063100002900081245007300110260003500183300001100218650005100229650002800280650002600308942001200334999001700346952017100363OSt260626b |||||||| |||| 00| 0 eng d a9780367240158 a519.534bH14A aHahs- Vaughn, Debbie L.  aApplied Multivariate Statistical Concepts /by Debbie L. Hahs- Vaughn aNew York :bRoutledge ;c2025. a647 p. aNatural sciences & mathematics (Pure Sciences) aStatistical mathematics aMultivariate analysis 2ddccBK c52359d52359 00102ddc4070aRAUbRAUcGENd2026-06-26eToday & Tomorrow Printers and Publishers g3995.00l0o519.534 H14Ap87593r2026-06-26w2026-01-29yBKkBill No. IN-00449